01760nam a22003617a 4500003000500000005001700005008004100022010001000063011001100073020001500084035001100099040000900110082001600119100003700135245011600172260003400288300002000322590004100342590004100383590004100424590004200465650003600507650002400543901000700567942001000574949016200584949008900746949008900835999001700924952016000941952014801101952014901249CHAP20220817044359.0101013s2005 mx r 00010 spa d a99421 a100393 a8429110038 a111079 cCHAP04a581.35bB431 aBenitez Burraco, Antonio.91158410aAvances recientes en biotecnología vegetal e ingeniería genética de plantasc/por Antonio Benitez Burraco aBarcelona :bReverté,c2005 a196 p. :bilus. aBATCH-UPDb10c20130110lUCH01h0925 aBATCH-UPDb10c20130410lUCH01h0546 aBATCH-UPDb10c20130914lUCH01h0603 aCONVERSIONb10c20130109lUCH01h135504aBiotecnología vegetal.91289204aGenética vegetal. aBK cLIBRO a581.35 B43bBCcLIBROd33724002211181eLIBROgsustituciØnh64912 sust.i111079mEste ejemplar sustituye al v.1 c.7 que corresponde al registro bib. 45506st a581.35 B43bBCcLIBROd33724002335413eLIBROfc.3gI.c/eh116793i111079sbt$332.50 a581.35 B43bBCcLIBROd33724002335454eLIBROfc.2gI.c/eh116794i111079sbt$332.50 c99421d99421 00102ddc4052708GRALaBCbBCcPA_GRALd2019-12-31eI.c/efLIBROl1o581.35 B43p33724002335413r2022-05-04 00:00:00s2022-03-15tc.3w2019-12-31yLIBRO 00102ddc4052708GRALaBCbBCcPA_GRALd2019-12-31eI.c/efLIBROl0o581.35 B43p33724002335454r2019-12-31 00:00:00tc.2w2019-12-31yLIBRO 00102ddc4052708GRALaBCbBCcPA_GRALd2019-12-31esustitucionfLIBROl0o581.35 B43p33724002211181r2019-12-31 00:00:00w2019-12-31yLIBRO